|
|
|
|
| LEADER |
00645nab a2200169 i 4500 |
| 001 |
misc2383 |
| 005 |
20191106141408.0 |
| 008 |
170607s1987 hu o 0|| hun d |
| 022 |
|
|
|a 0865-4093
|
| 040 |
|
|
|a SZTE Miscellanea Repozitórium
|b hun
|
| 041 |
|
|
|a hun
|
| 245 |
0 |
0 |
|a Házkutatás-krónika
|h [elektronikus dokumentum] :
|b 1986 december - 1987 február
|
| 260 |
|
|
|c 1987
|
| 300 |
|
|
|a 158-159
|
| 490 |
0 |
|
|a Beszélő : politikai és kulturális folyóirat
|v 19
|
| 695 |
|
|
|a Nagy Jenő, Vétek Mária, Történelemtudomány, Politikatörténet, Társadalomtudomány
|
| 856 |
4 |
0 |
|u http://misc.bibl.u-szeged.hu/2383/1/beszelo_019_158-159.pdf
|z Dokumentum-elérés
|